000 00423nam a2200181Ia 4500
001 9316
005 20260306161709.0
008 260306t2019||||xx |||||||||||||| ||spa||
041 _aESP
082 _a378.1
_bL85
100 _aLomelí Vanegas, Leonardo
_eAUT
245 0 _aAutonomías bajo acecho
260 _c2019
300 _a353 páginas :
_c21 cm.
650 _aGEN
654 _aCHU
942 _cLIB
_dJUS
_fJUS
_2ddc
_n
999 _c9316
_d9316